Byng's blueprint (Record no. 76105)
[ view plain ]
| 000 -LEADER | |
|---|---|
| fixed length control field | 00903cab a2200181 4500 |
| 001 - CONTROL NUMBER | |
| control field | ##L131476 |
| 008 - FIXED-LENGTH DATA ELEMENTS--GENERAL INFORMATION | |
| fixed length control field | 051107n2005 000 0 eng u |
| 035 ## - SYSTEM CONTROL NUMBER | |
| System control number | (Sirsi) u131476 |
| 041 0# - LANGUAGE CODE | |
| Language code of text/sound track or separate title | eng |
| 100 1# - MAIN ENTRY--PERSONAL NAME | |
| Personal name | Clark, Phil |
| 245 00 - TITLE STATEMENT | |
| Title | Byng's blueprint |
| 260 ## - PUBLICATION, DISTRIBUTION, ETC. | |
| Date of publication, distribution, etc. | 2005 |
| 490 #0 - SERIES STATEMENT | |
| Series statement | QS News |
| Volume/sequential designation | 7 October 2005, 11-13(3) |
| 520 ## - SUMMARY, ETC. | |
| Summary, etc. | Interview with Michael Byng, new chairman of the RICS construction faculty. Comments upon his predecessor's attack on the RICS, contractors and big quantity surveying firms, the aftermath of the New Orleans hurricane, education and training, RICS support for surveyors employed in the public sector, the need for an international measurement standard, and his motivation for becoming chairman. |
| 590 ## - LOCAL NOTE (RLIN) | |
| Local note | IKA081105 |
| 690 ## - LOCAL SUBJECT ADDED ENTRY--TOPICAL TERM (OCLC, RLIN) | |
| Topical term or geographic name as entry element | ABOUT RICS-RICS FACULTIES-RICS CONSTRUCTION FACULTY-RICS CONSTRUCTION FACULTY BOARD-RICS CONSTRUCTION FACULTY CHAIRMAN |
| 942 ## - ADDED ENTRY ELEMENTS (KOHA) | |
| Suppress in OPAC | 0 |
| Withdrawn status | Lost status | Source of classification or shelving scheme | Damaged status | Not for loan | Home library | Current library | Shelving location | Date acquired | Total Checkouts | Full call number | Barcode | Date last seen | Copy number | Price effective from | Koha item type |
|---|---|---|---|---|---|---|---|---|---|---|---|---|---|---|---|
| Dewey Decimal Classification | London | London | Journal article | 07/11/2005 | L131476 | 131476-1001 | 06/08/2019 | 1 | 06/08/2019 | Journal article |